000 00343nam a2200157Ia 4500
003 OSt
005 20240219142956.0
008 170524s9999 xx 000 0 und d
020 _a978-8125040446
040 _cIIMT
100 _aphilip- Thangam
245 0 _aModern Cookery
260 _bOrienht longman
260 _c2006
942 _2ddc
_c02
999 _c7423
_d7423